Inovace ve výrobním programu n. p. DESTA

Bibliographic Details
Main Author: Nejedlý, J. (Author)
Format: Article
Language:Czech
Subjects:

MARC

LEADER 00000nab a2200000 a 4500
001 vtls000196433
003 SK-MaSNL
005 20260302205129.0
008 160201c1984 xo 0 cze
015 |a SNBRA19rr/mm-uuuuu 
035 |a CL0206546 
040 |a SNKBUCL  |b slo  |c SNKBUCL  |e AACR2 
041 0 |a cze 
044 |a xo  |c SK 
080 |a 621.868.27.001.76  |2 1981 
100 1 |a Nejedlý, J.  |4 aut  |9 930544 
245 1 0 |a Inovace ve výrobním programu n. p. DESTA  |c J. Nejedlý 
650 0 7 |a Desta, n.p., Děčín  |2 snkbucl  |9 930545 
650 0 7 |a vozíky motorové vysokozdvižné  |2 snkbucl  |9 930546 
651 7 |a 3502  |2 snkbucl  |9 922181 
655 7 |a články zo zborníkov  |2 snkbucl  |9 166140 
773 0 |t Novinky manipulácie s materiálom  |d Bratislava : Dom techniky ČSVTS, 1984 
850 |a Slovenská národná knižnica v Martine  |a MTA001 
852 |a SNK  |b KIS3GCP 
958 |a RK 
958 |a CZ 
992 |a RZB 
999 |c 1476449  |d 1478379